00576 2200217 4500001002100000005001700021008004100038035002400079082001100103090001800114100002700132245005400159250001100213260003000224300001900254650003700273850001200310980001500322985000600337999001500343YOGYA-0209000006539320090227040430.0 ind  0010-020900000065393 a899.23 a899.23bAli T aALISJAHBANA, S. Takdir aTak putus dirundung malangcS. Takdir Alisjahbana aCet. 7 aJakartabDian Rakyatc19. a104 hlmc20 cm aKesusasteraan Indonesia - Cerita aYOPDYOG a16-10-2008 a1 aP000006496